Россия и Китай: история и перспективы сотрудничества. Вып. 13: Материалы XIII Международной научно-практической конференции (Благовещенск, Хэйхэ. 26-28 мая 2023 г.) (Запись № 12570064)

Подробности
000 -МАРКЕР
контрольное поле 01558nam2a2200265 4500
001 - ИДЕНТИФИКАТОР ЗАПИСИ
контрольное поле RU\NLR\BIBL_A\022041220
005 - ИДЕНТИФИКАТОР ВЕРСИИ
контрольное поле 20250625095625.0
035 ## - ДРУГИЕ СИСТЕМНЫЕ НОМЕРА
Идентификатор записи (NLR Aleph) 022041220
100 ## - ДАННЫЕ ОБЩЕЙ ОБРАБОТКИ
Данные общей обработки 20231004d2023 |||y0rusy50 ca
101 0# - ЯЗЫК РЕСУРСА
Язык текста, звукозаписи и т.д. русский
Язык резюме английский
102 ## - СТРАНА ПУБЛИКАЦИИ ИЛИ ПРОИЗВОДСТВА
Страна публикации Российская Федерация
105 ## - ПОЛЕ КОДИРОВАННЫХ ДАННЫХ: ТЕКСТОВЫЕ МАТЕРИАЛЫ, МОНОГРАФИЧЕСКИЕ
Кодированные данные о монографическом текстовом документе a z 000yy
200 1# - ЗАГЛАВИЕ И СВЕДЕНИЯ ОБ ОТВЕТСТВЕННОСТИ
Основное заглавие Материалы XIII Международной научно-практической конференции (Благовещенск, Хэйхэ. 26-28 мая 2023 г.)
210 ## - ПУБЛИКАЦИЯ, РАСПРОСТРАНЕНИЕ И ДР.
Дата издания, распространения и т.д. 2023
Место издания, распространения и т.д. Б. м.
215 ## - ФИЗИЧЕСКАЯ ХАРАКТЕРИСТИКА
Специфическое обозначение материала и объем 536 с.
Другие сведения о физической характеристике ил.
Размеры 29
300 ## - ОБЩИЕ ПРИМЕЧАНИЯ
Текст примечания Рез. на англ. яз.
320 ## - ПРИМЕЧАНИЯ О НАЛИЧИИ В ДОКУМЕНТЕ БИБЛИОГРАФИИ / УКАЗАТЕЛЯ
Текст примечания Библиогр. в конце ст. и в подстроч. примеч.
461 #0 - УРОВЕНЬ НАБОРА
Встроенное поле 001RU\NLR\BIBL_A\016210669
-- 2001#$aРоссия и Китай: история и перспективы сотрудничества$fФГБОУ ВО "Благовещ. гос. пед. ун-т"$vВып. 13
Системный номер (АБИС) связанной записи 12706076
Место публикации Благовещенск
Дата публикации 2022 -
Первые сведения об ответственности ФГБОУ ВО "Благовещ. гос. пед. ун-т"
Имя издателя, распространителя и т.д. Изд-во БГПУ
Заглавие Россия и Китай: история и перспективы сотрудничества
ISSN 2782-3768
Номер тома Вып. 13
711 12 - НАИМЕНОВАНИЕ ОРГАНИЗАЦИИ - АЛЬТЕРНАТИВНАЯ ОТВЕТСТВЕННОСТЬ
Начальный элемент ввода "Россия и Китай: история и перспективы сотрудничества", международная научно-практическая конференция
Порядковый номер временной организации и / или порядковый номер ее части 13
Место проведения временной организации Благовещенск/Хэйхэ
Дата проведения временной организации 2023
Системный номер авторитетной/нормативной записи 864248
Идентификатор авторитетной/нормативной записи RU\NLR\AUTH\880599655
852 ## - МЕСТОНАХОЖДЕНИЕ И ШИФР ХРАНЕНИЯ
Идентификатор организации NLR
Шифр хранения (Call Number) П23/9645
942 ## - ДОПОЛНИТЕЛЬНЫЕ ЭЛЕМЕНТЫ ЗАПИСИ (АБИС)
Тип экземпляра АБИС Выпуск
980 ## - КОЛЛЕКЦИЯ
Название коллекции Национальная библиография
980 ## - КОЛЛЕКЦИЯ
Название коллекции Русская периодика

Нет доступных экземпляров.